Úvodní kurs němčiny

Salvato in:
Dettagli Bibliografici
Autore principale: Kařízek, Adolf
Ente Autore: Vysoká škola ekonomická v Praze. Obchodní fakulta
Natura: Libro
Lingua:ceco
Pubblicazione: Praha Státní pedagogické nakladatelství 1982
Edizione:2. vyd.
Tags: Aggiungi Tag
Nessun Tag, puoi essere il primo ad aggiungerne!!

MARC

LEADER 00000nam a2200000 4500
001 c133955
005 20190425092902.2
041 0 |a cze 
044 |a CZ 
245 1 0 |a Úvodní kurs němčiny  |c Adolf Kařízek 
250 |a 2. vyd. 
264 1 |a Praha  |b Státní pedagogické nakladatelství  |c 1982 
300 |a 94 s. 
100 1 |a Kařízek, Adolf 
710 2 |a Vysoká škola ekonomická v Praze. Obchodní fakulta